| 000 | 00415nam a2200181Ia 4500 | ||
|---|---|---|---|
| 008 | 230524s9999 xx 000 0 und d | ||
| 020 | _a8123901534 | ||
| 082 |
_a620.137 _bPAN |
||
| 100 | _aG.S.Pandit | ||
| 245 | 0 | _aPrestressed Concrete | |
| 250 | _a1 | ||
| 260 |
_aNew Delhi _bCBS _c2015 |
||
| 300 | _a"xvi,701p;" | ||
| 500 | _aQuantity Number: 2 | ||
| 650 | _aCivil | ||
| 700 | _aS.P. Gupta | ||
| 942 | _cBK | ||
| 999 |
_c55329 _d55329 |
||